Départements du bassin de la Garonne - Statistiques

Statistiques générales
  • Ce quiz a été pris 45 fois
    41 depuis la dernière actualisation
  • Le résultat moyen est 18 sur 21
Statistiques - réponses
Régions % Correct
Dordogne
98%
Gironde
98%
Tarn
98%
Gers
95%
Lot
95%
Lot-et-Garonne
95%
Nouvelle-Aquitaine
95%
Occitanie
95%
Tarn-et-Garonne
93%
Ariège
90%
Aude
90%
Haute-Garonne
88%
Hautes-Pyrénées
88%
Landes
88%
Aveyron
85%
Cantal
83%
Hérault
83%
Auvergne-Rhône-Alpes
78%
Pyrénées-Orientales
75%
Lozère
70%
Gard
68%
Aucun quiz correspondant
Distribution des résultats
% des personnes avec chaque résultat
Percentile par nombre de réponses
Votre historique - résultats
Vous n’avez pas pris ce quiz depuis la dernière actualisation